00818nam a22002057a 450000500170000001000150001702000260003203500140005803700090007208200110008110000260009224500830011825000060020126000360020727001520024330000200039594200220041599900190043795201560045620260612161526.0 aENG-148827 c400.00a9789391399825 aEN-132359 bDBAD a12621 aKulandaisamy L989375 aThe Gospels An Epiphany:bOf Free Self and Social Prituality/cL Kulandaisamy  a1 bATC PublishersaBengaluruc2023 aSt's Mary Block, Archdiocesan,Pastoral Center,#5, Nandidurga Road,Benson TownbBengalurue560046k+918025491999k7090100444minfo@atcpublishers.com a400p.c21cm(pb) 2ddccENh126mKUL c216632d216632 001040718NFICaDBADbDBADd2026-06-12eDelivery of Books Act Divisiong400.00l0o126 KULpEN-132359r2026-06-12 16:15:56t1v400.00w2026-06-12yEN